Normal view
MARC view
- Internet-world wide web
Entry Topical Term
001 - CONTROL NUMBER
- control field: 265
003 - CONTROL NUMBER IDENTIFIER
- control field: JO-AjAnu
005 - DATE AND TIME OF LATEST TRANSACTION
- control field: 20230606070339.0
008 - FIXED-LENGTH DATA ELEMENTS
- fixed length control field: 230606|| aca||aabn | a|a d
040 ## - CATALOGING SOURCE
- Original cataloging agency: JO-AjAnu
- Transcribing agency: JO-AjAnu
150 ## - HEADING--TOPICAL TERM
- Topical term or geographic name entry element: Internet-world wide web
670 ## - SOURCE DATA FOUND
- Source citation: Work cat.: (JO-AjAnu)138: Greenlaw , Raymond, author 264, In-Line/on-Lin fundamentals of the Internet and the world wide web